[Event "Let's Play Chess!"]
[Site "http://www.queenalice.com/game.php?id=1626658"]
[Date "2020.9.12"]
[Round "-"]
[White "igorjava"]
[Black "boris555"]
[Result "1/2-1/2"]
[WhiteElo "1881"]
[BlackElo "1773"]

1. e4 e6 2. d4 d5 3. exd5 exd5 4. Nf3 Nc6 5. Bb5 Bd7 6. O-O Be7 7. Nc3 Nf6 8. a3
h6 9. h3 a6 10. Ba4 Na5 11. Bxd7+ Qxd7 12. Re1 O-O 13. b3 b6 14. Bd2 c5 15. Na4
Qc7 16. Bxa5 bxa5 17. dxc5 Bxc5 18. Nxc5 Qxc5 19. a4 Rae8 20. Qd3 Qd6 21. Rad1
Rxe1+ 22. Rxe1 Re8 23. Rd1 Rd8 24. c4 Qc6 25. Qe2 Re8 26. Qc2 dxc4 27. Qxc4 Qxc4
28. bxc4 Rc8 29. Rd4 Rc5 30. Nd2 g5 31. Rd6 Ne8 32. Rxa6 Nc7 33. Ra7 Ne6 34. g3
Nd4 35. Kf1 Kg7 36. f3 Kg6 37. g4 Ne6 38. Ra6 Kg7 39. Kf2 Nd4 40. Ke3 Nc2+ 41.
Ke4 f6 42. Ra7+ Kg8 43. Kd3 Nb4+ 44. Kd4 Re5 45. Ne4 Nc6+ 46. Kd3 Nxa7 47. Nxf6+
Kg7 48. Ne4 Nc6 49. c5 Rd5+ 50. Kc4 Rd1 51. Kb5 Ne7 52. Kxa5 Rb1 53. Ka6 Kg6 54.
a5 Kg7 1/2-1/2

[Event "Challenge"]
[Site "http://www.queenalice.com/game.php?id=1627070"]
[Date "2020.9.15"]
[Round "-"]
[White "juki"]
[Black "boris555"]
[Result "1-0"]
[WhiteElo "1744"]
[BlackElo "1782"]

1. e4 e6 2. d4 d5 3. Nc3 Nf6 4. Bg5 Be7 5. e5 Nfd7 6. Bxe7 Qxe7 7. f4 Nb6 8. Nf3
Nc6 9. a3 a6 10. Bd3 Bd7 11. O-O h6 12. Ne2 Na5 13. Ng3 Nac4 14. Qc1 c5 15. c3
Rc8 16. Kh1 cxd4 17. Nxd4 Na5 18. f5 exf5 19. Ngxf5 Bxf5 20. Nxf5 Qd7 21. Nxg7+
Kd8 22. Qf4 Nac4 23. b3 Na5 24. Qb4 1-0

[Event "Let's Play Chess😁"]
[Site "http://www.queenalice.com/game.php?id=1628001"]
[Date "2020.9.25"]
[Round "-"]
[White "boris555"]
[Black "giobonatto"]
[Result "1-0"]
[WhiteElo "1777"]
[BlackElo "1804"]

1. d4 d5 2. Nf3 Nf6 3. g3 Ng4 4. Bg2 e6 5. O-O Be7 6. Nbd2 Nc6 7. Nb3 b6 8. c3
Bb7 9. h3 Na5 10. Nxa5 bxa5 11. hxg4 O-O 12. Qc2 f5 13. Ne5 c5 14. e3 Ba6 15.
Re1 Bd6 16. gxf5 Qe8 17. fxe6 Qxe6 18. f4 Rac8 19. Qd2 Bb7 20. a3 Ba8 21. Nf3
Qg6 22. Kf2 Rce8 23. Rh1 Bb7 24. b3 Bc8 25. Bb2 h6 26. Bh3 Be6 27. Bxe6+ Qxe6
28. Rae1 Rb8 29. Qc2 Qf5 30. Qd1 Rbe8 31. Bc1 Rf6 32. Nh4 Qc8 33. Kg2 cxd4 34.
cxd4 Qe6 35. Nf3 g5 36. Ne5 gxf4 37. exf4 Qc8 38. Qg4+ Qxg4 39. Nxg4 Ref8 40.
Nxf6+ Rxf6 41. Rh5 a4 42. b4 Bc7 43. Rxd5 Rg6 44. Re8+ Kf7 45. Re4 Re6 46. Rd7+
Ke8 47. Rxe6+ Kxd7 48. Rxh6 Bb6 49. Be3 Kc7 50. Re6 a5 51. b5 1-0

[Event "Let's Play H-5"]
[Site "http://www.queenalice.com/game.php?id=1630451"]
[Date "2020.10.21"]
[Round "-"]
[White "Rider"]
[Black "boris555"]
[Result "0-1"]
[WhiteElo "1599"]
[BlackElo "1764"]

1. Nc3 d5 2. d4 e6 3. e4 Nf6 4. e5 Nfd7 5. Be2 c5 6. Nf3 Nc6 7. dxc5 Bxc5 8. O-O
Ncxe5 9. Ng5 Qe7 10. Nb5 Bb6 11. Be3 a6 12. Nc3 Bxe3 13. Nge4 Bb6 14. b4 dxe4
15. a3 Nf6 16. b5 O-O 17. a4 Rd8 18. Qc1 Bd4 19. Qb2 Qc5 20. Rab1 Bxc3 21. Qa2
a5 22. Rb3 Bd4 23. h3 Ng6 24. g3 b6 25. Kg2 Bb7 26. f3 h6 27. c4 Nh5 28. fxe4
Bxe4+ 29. Kh2 Nf6 30. Bd3 Ra7 31. Bxe4 Nxe4 32. Qg2 f5 33. g4 Be5+ 34. Kh1 Nf4
35. Rxf4 Bxf4 36. Rb1 Ng3+ 37. Qxg3 Bxg3 38. Rc1 Qf2 0-1

[Event "Let's Play Chess!"]
[Site "http://www.queenalice.com/game.php?id=1633087"]
[Date "2020.11.16"]
[Round "-"]
[White "charles31"]
[Black "boris555"]
[Result "0-1"]
[WhiteElo "1551"]
[BlackElo "1794"]

1. d4 d5 2. Nc3 e6 3. a3 c5 4. dxc5 Bxc5 5. Nh3 Nc6 6. Bd2 h6 7. g3 Nf6 8. e3
Bd7 9. f3 Ne5 10. Qe2 Nc4 11. b3 Nxd2 12. Qxd2 a6 13. b4 Bd6 14. e4 Bc7 15. exd5
Nxd5 16. Nxd5 exd5 17. Qxd5 Bc6 18. Qxd8+ Rxd8 19. Bd3 Bxf3 20. Rf1 Bg2 21. Rf2
Bxh3 22. Kd2 O-O 23. Re1 Rfe8 24. Rxe8+ Rxe8 25. Bc4 Be6 26. Bxe6 Rxe6 27. c4 b6
28. c5 bxc5 29. bxc5 Re5 30. Kd3 Rxc5 31. a4 Ra5 32. Ra2 g5 33. g4 Kg7 34. h3
Kg6 35. Kc4 Bd6 36. Kd4 f5 37. gxf5+ Kxf5 38. Ke3 h5 39. Kf3 g4+ 40. hxg4+ hxg4+
41. Kg2 Kg5 42. Kf2 Kh4 43. Kg2 g3 44. Rd2 Be5 45. Ra2 Rc5 46. Re2 Bf4 47. Re4
Kg4 48. Rb4 Rc2+ 49. Kf1 Kf3 50. Rb3+ Be3 51. Rb1 Rh2 0-1

[Event "Challenge"]
[Site "http://www.queenalice.com/game.php?id=1633474"]
[Date "2020.11.19"]
[Round "-"]
[White "MADMIKE"]
[Black "boris555"]
[Result "1/2-1/2"]
[WhiteElo "1863"]
[BlackElo "1800"]

1. d4 d5 2. Nc3 e6 3. a3 c5 4. e3 Nc6 5. Nf3 Nf6 6. Bb5 Bd7 7. O-O a6 8. Bxc6
Bxc6 9. Ne5 Qc7 10. f4 Nd7 11. Qh5 Nxe5 12. fxe5 g6 13. Qf3 Bg7 14. Nd1 Bb5 15.
Rf2 cxd4 16. exd4 Qe7 17. a4 Bc6 18. b3 b6 19. Ba3 Qd7 20. Ne3 h5 21. h3 Bf8 22.
Bxf8 Rxf8 23. Qf6 Qd8 24. Rd1 Qxf6 25. exf6 O-O-O 26. c4 Rd7 27. cxd5 exd5 28.
Nc2 a5 29. Ra1 Re8 30. Ne1 Re6 31. Nd3 Re8 32. Ne5 Rc7 33. Rc1 Kb7 34. Rfc2 Re6
35. h4 Rxf6 36. Kh2 Re6 1/2-1/2

[Event "Challenge"]
[Site "http://www.queenalice.com/game.php?id=1634385"]
[Date "2020.11.26"]
[Round "-"]
[White "boris555"]
[Black "Excsiu"]
[Result "1-0"]
[WhiteElo "1788"]
[BlackElo "1776"]

1. Nf3 Nc6 2. g3 e5 3. d3 d5 4. Bg2 h6 5. O-O Nf6 6. Nbd2 e4 7. dxe4 dxe4 8. Ne1
Bf5 9. c3 a5 10. Nc2 Bc5 11. e3 O-O 12. Nb3 Qe7 13. Qe2 g5 14. Nbd4 Bg4 15. f3
exf3 16. Bxf3 Bxf3 17. Qxf3 g4 18. Qxf6 Ne5 19. Qxe7 Bxe7 20. Nf5 Bg5 21. Kg2
Nf3 22. Ncd4 Ne5 23. e4 Kh7 24. Bxg5 hxg5 25. Rh1 c5 26. Nb5 Rad8 27. Rad1 Nd3
28. b3 Rd7 29. Nbd6 Rfd8 30. Rxd3 1-0

[Event "Let's Play Chess! "]
[Site "http://www.queenalice.com/game.php?id=1634682"]
[Date "2020.11.28"]
[Round "-"]
[White "boris555"]
[Black "rumplestiltskin"]
[Result "1-0"]
[WhiteElo "1817"]
[BlackElo "1705"]

1. d3 g6 2. Nf3 Bg7 3. g3 Nc6 4. Bg2 d5 5. O-O e5 6. Nbd2 Nf6 7. e4 d4 8. c3 Bg4
9. cxd4 Nxd4 10. Qa4+ Bd7 11. Qd1 O-O 12. Nxd4 exd4 13. Nf3 Bc6 14. Ne5 Qd6 15.
Nxc6 bxc6 16. Bf4 Qe7 17. Rc1 c5 18. e5 Nh5 19. Bxa8 Rxa8 20. Qf3 Rb8 21. b3
Bxe5 22. Bxe5 Qxe5 23. Rfe1 Qd6 24. Re2 f5 25. Rce1 Qd7 26. Re7 Qb5 27. Rxc7 Qb4
28. Qe2 Nf6 29. Qe6+ 1-0

[Event "Let's Play Chess!"]
[Site "http://www.queenalice.com/game.php?id=1638453"]
[Date "2021.1.2"]
[Round "-"]
[White "charles31"]
[Black "boris555"]
[Result "0-1"]
[WhiteElo "1761"]
[BlackElo "1803"]

1. Nf3 d5 2. d4 e6 3. a3 c5 4. dxc5 Bxc5 5. Bg5 Qb6 6. Nc3 Qxb2 7. Bd2 Qb6 8. e3
Nf6 9. Bb5+ Bd7 10. Bxd7+ Nbxd7 11. O-O Qc7 12. Nb5 Qc6 13. Qe2 a6 14. Nc3 h6
15. a4 O-O 16. h3 Qc7 17. Nd4 Ne5 18. Nb3 Bd6 19. a5 Nc4 20. Bc1 Be5 21. Bb2
Nxb2 22. Na2 Na4 23. Rac1 Nc3 24. Nxc3 Bxc3 25. Qd3 Rac8 26. f3 Bxa5 27. Nxa5
Qxa5 28. Ra1 Qc3 29. Qxc3 Rxc3 30. Rfe1 Rxc2 31. Reb1 Rb8 32. Rxa6 b5 33. Ra3 b4
34. Rab3 Rc4 35. g4 Nd7 36. f4 Nc5 37. R3b2 b3 38. h4 Rc3 39. Kf2 Nd3+ 0-1

[Event "Let's Play Chess!"]
[Site "http://www.queenalice.com/game.php?id=1639713"]
[Date "2021.1.13"]
[Round "-"]
[White "askasl159"]
[Black "boris555"]
[Result "1/2-1/2"]
[WhiteElo "1856"]
[BlackElo "1826"]

1. e4 e6 2. d4 d5 3. e5 c5 4. Bb5+ Bd7 5. Bxd7+ Nxd7 6. Nf3 h6 7. a3 Ne7 8. Be3
Nf5 9. h3 Nxe3 10. fxe3 cxd4 11. exd4 Be7 12. O-O O-O 13. Nbd2 Nb6 14. b3 a5 15.
c4 Rc8 16. cxd5 Nxd5 17. Qe1 b5 18. Ne4 b4 19. axb4 Bxb4 20. Qe2 Nc3 21. Nxc3
Bxc3 22. Ra4 Bb4 23. Raa1 Bc3 24. Rac1 Bxd4+ 25. Nxd4 Qxd4+ 26. Kh1 Qd5 27. Rc4
Rxc4 28. bxc4 Qc5 29. Ra1 Rc8 30. Rc1 a4 31. Rc2 a3 32. Kh2 Ra8 33. g3 g6
1/2-1/2

[Event "Let's Play Chess!"]
[Site "http://www.queenalice.com/game.php?id=1640398"]
[Date "2021.1.18"]
[Round "-"]
[White "charles31"]
[Black "boris555"]
[Result "1/2-1/2"]
[WhiteElo "1763"]
[BlackElo "1829"]

1. d4 d5 2. Nc3 e6 3. Qd3 Bd7 4. Nh3 c5 5. dxc5 Bxc5 6. Bg5 f6 7. Bh4 Nc6 8. a3
Ne5 9. Qg3 Qe7 10. e3 Ng6 11. Bd3 Nxh4 12. Qxh4 Nh6 13. g4 f5 14. Qxe7+ Bxe7 15.
gxf5 Nxf5 16. Bxf5 exf5 17. O-O-O Bc6 18. Nf4 d4 19. exd4 Bxh1 20. Rxh1 O-O-O
21. Ne6 Rdg8 22. h4 g6 23. f4 Kb8 24. Ng5 Bxg5 25. hxg5 Rd8 26. d5 a6 27. b4 Rd7
28. Rd1 Rc8 29. Kb2 b6 30. a4 Kb7 31. Kb3 Re8 32. Rd4 Re3 33. d6 Kc6 34. b5+
axb5 35. axb5+ Kb7 36. Kc4 Re6 37. Nd5 Rexd6 38. c3 Ka7 39. Nf6 Rc7+ 40. Kb4
Rxd4+ 41. cxd4 Kb7 42. d5 Kc8 43. d6 Rd7 1/2-1/2

[Event "Let's Play Chess!"]
[Site "http://www.queenalice.com/game.php?id=1642638"]
[Date "2021.2.5"]
[Round "-"]
[White "charles31"]
[Black "boris555"]
[Result "0-1"]
[WhiteElo "1642"]
[BlackElo "1828"]

1. d4 d5 2. h3 e6 3. Nf3 Nc6 4. Bg5 Nf6 5. a3 h6 6. Bh4 Be7 7. e3 Ne4 8. Bd3
Bxh4 9. Nxh4 Qxh4 10. g3 Qf6 11. Bxe4 dxe4 12. Nc3 Qg6 13. d5 exd5 14. Qxd5 Be6
15. Qxe4 Qxe4 16. Nxe4 Bd5 17. O-O-O Bxe4 18. Rhe1 O-O 19. Rd2 Rad8 20. Rf1 Rxd2
21. Kxd2 Rd8+ 22. Kc3 Bf3 23. b3 Ne5 24. h4 c5 0-1

[Event "Challenge"]
[Site "http://www.queenalice.com/game.php?id=1642714"]
[Date "2021.2.5"]
[Round "-"]
[White "jorm"]
[Black "boris555"]
[Result "1/2-1/2"]
[WhiteElo "1823"]
[BlackElo "1824"]

1. e4 d5 2. e5 e6 3. d4 c5 4. Be3 b6 5. Ne2 Nc6 6. c3 Na5 7. Nd2 h6 8. Nb3 Nc4
9. Qc1 Nxe3 10. Qxe3 c4 11. Nd2 Ne7 12. g4 Ng6 13. Nf3 Be7 14. Ng3 Nh4 15. Nxh4
Bxh4 16. O-O-O Qg5 17. Qxg5 Bxg5+ 18. Kb1 O-O 19. Ne2 Be7 20. f4 f6 21. h4 f5
22. g5 h5 23. g6 Bd7 24. Ng3 Be8 25. Nxh5 Bxg6 26. Ng3 Bf7 27. Be2 a5 28. Rdg1
g6 29. h5 Kg7 30. hxg6 Bxg6 31. Bh5 Rh8 32. Bxg6 Kxg6 33. a3 Kf7 34. Nh5 Rag8
35. Rxg8 Rxg8 36. Rh3 Rg4 37. Rf3 Kg6 38. Ng3 Bh4 39. Ne2 a4 40. b4 cxb3 41. Rd3
b5 42. Ka1 Be7 43. Kb2 Kf7 44. Rg3 Rh4 45. Rg2 Bf8 46. Rf2 Bh6 47. Kb1 Rh1+ 48.
Kb2 Rh4 1/2-1/2

[Event "Let's Play Chess!"]
[Site "http://www.queenalice.com/game.php?id=1643659"]
[Date "2021.2.15"]
[Round "-"]
[White "askasl159"]
[Black "boris555"]
[Result "1-0"]
[WhiteElo "1912"]
[BlackElo "1837"]

1. e4 d5 2. Nc3 e6 3. e5 c5 4. Bb5+ Bd7 5. Bxd7+ Qxd7 6. Nf3 Nc6 7. d4 cxd4 8.
Nxd4 Nxe5 9. O-O Nf6 10. f4 Nc6 11. b3 Nxd4 12. Qxd4 b6 13. Qd3 Bc5+ 14. Kh1 a6
15. f5 e5 16. Na4 Qc6 17. Nxc5 Qxc5 18. c4 d4 19. Bb2 Nh5 20. Qe4 O-O 21. a4 Nf6
22. Qf3 Nd7 23. Ba3 Qc8 24. Bxf8 Kxf8 25. Rfe1 f6 26. a5 Ra7 27. axb6 Nxb6 28.
Ra5 Nd7 29. Rea1 Nb8 30. g4 Nc6 31. Rc5 Rc7 32. g5 1-0

[Event "Veado - 0793"]
[Site "http://www.queenalice.com/game.php?id=1646428"]
[Date "2021.3.18"]
[Round "-"]
[White "zubarev"]
[Black "boris555"]
[Result "1-0"]
[WhiteElo "1733"]
[BlackElo "1824"]

1. d4 d5 2. Nc3 e6 3. e3 c5 4. Nf3 Nc6 5. Bb5 Bd7 6. O-O a6 7. Bxc6 Bxc6 8. Ne5
Qc7 9. f4 g6 10. Bd2 cxd4 11. exd4 Nf6 12. Qf3 Bg7 13. Rac1 b5 14. Nxc6 Qxc6 15.
Rfe1 O-O 16. a3 Rab8 17. Be3 Nd7 18. Bf2 Rbc8 19. Bg3 Bxd4+ 20. Kh1 Nb6 21. Bf2
Bxf2 22. Qxf2 Nc4 23. Ne2 Nxb2 24. Qg3 Qb6 25. h4 Nc4 26. h5 Qe3 27. Qg4 Qxa3
28. h6 Qe7 29. Nd4 Kh8 30. Nf3 f5 31. Qg3 a5 32. Nd4 b4 33. Rxe6 Qd7 34. Rce1
Rfe8 35. Qg5 Qf7 36. Rxe8+ 1-0

[Event "Let's Play Chess!"]
[Site "http://www.queenalice.com/game.php?id=1649980"]
[Date "2021.4.18"]
[Round "-"]
[White "charles31"]
[Black "boris555"]
[Result "1-0"]
[WhiteElo "1793"]
[BlackElo "1804"]

1. d4 d5 2. Nc3 e6 3. a3 c5 4. dxc5 Bxc5 5. e3 a6 6. Bd3 Nf6 7. h3 Nc6 8. Qf3
Ne5 9. Qe2 Nxd3+ 10. Qxd3 Bd7 11. Nf3 h6 12. Ne5 O-O 13. Bd2 Bd6 14. Nxd7 Nxd7
15. f4 Qh4+ 16. Ke2 Qf6 17. g3 Nb6 18. Raf1 Nc4 19. Bc1 Rac8 20. b3 Nb6 21. Bb2
Qe7 22. g4 g6 23. e4 Rfd8 24. e5 Bb8 25. h4 Kg7 26. h5 g5 27. fxg5 Qxg5 28. Nd1
Bxe5 29. Bxe5+ Qxe5+ 30. Kd2 Qg5+ 31. Ke1 Rf8 32. Qd4+ Kg8 33. Qxb6 Rxc2 34. Qd4
Rfc8 35. Rh3 1-0

[Event "Let's Play Chess!"]
[Site "http://www.queenalice.com/game.php?id=1757916"]
[Date "2021.4.29"]
[Round "-"]
[White "boris555"]
[Black "charles31"]
[Result "1-0"]
[WhiteElo "1804"]
[BlackElo "1713"]

1. Nf3 Nc6 2. g3 d5 3. Bg2 h6 4. O-O Nf6 5. d3 e5 6. Nbd2 Be6 7. Re1 Bc5 8. e4
d4 9. a3 Qd7 10. b4 Bb6 11. Bb2 Bh3 12. Nc4 Bxg2 13. Kxg2 a6 14. Ncxe5 Nxe5 15.
Nxe5 Qe6 16. Nf3 O-O-O 17. Rc1 Nh5 18. Nh4 Nf6 19. h3 g5 20. Nf5 h5 21. Rh1 Nd7
22. Nxd4 Bxd4 23. Bxd4 f6 24. c4 f5 25. Bxh8 Rxh8 26. exf5 Qxf5 27. Qf3 Qg6 28.
Qe4 Qg7 29. Rhe1 Qf7 30. Qe7 Qf5 31. Qe8+ 1-0

[Event "Challenge"]
[Site "http://www.queenalice.com/game.php?id=1758933"]
[Date "2021.5.8"]
[Round "-"]
[White "carlitomontana93270"]
[Black "boris555"]
[Result "0-1"]
[WhiteElo "1737"]
[BlackElo "1844"]

1. c4 d5 2. cxd5 Qxd5 3. Nc3 Qc6 4. d4 Nf6 5. e3 a6 6. Nf3 Bg4 7. Be2 Nbd7 8.
O-O e6 9. Bd2 Bd6 10. h3 Bh5 11. Nh2 Bxe2 12. Nxe2 e5 13. dxe5 Bxe5 14. Rc1 Qd6
15. Bc3 Qxd1 16. Rfxd1 O-O 17. Bxe5 Nxe5 18. Rxc7 b5 19. Rdc1 Rfd8 20. Nf4 Nd3
21. R1c2 Nxf4 22. exf4 Nd5 23. R7c5 Nxf4 24. Nf3 Ne6 25. Rc6 g6 26. Nd2 Nd4 27.
Nf3 Nxc2 0-1

[Event "Challenge"]
[Site "http://www.queenalice.com/game.php?id=1758937"]
[Date "2021.5.8"]
[Round "-"]
[White "boris555"]
[Black "carlitomontana93270"]
[Result "1-0"]
[WhiteElo "1831"]
[BlackElo "1750"]

1. e4 c5 2. Nf3 e6 3. Nc3 d6 4. g3 Be7 5. Bg2 Nf6 6. O-O O-O 7. d3 Bd7 8. Ne2
Nc6 9. a3 b6 10. c3 Qc7 11. b4 cxb4 12. axb4 e5 13. b5 Nd8 14. c4 Ne6 15. Nh4
Nc5 16. f4 exf4 17. gxf4 Ne8 18. Nf3 Nf6 19. f5 a6 20. d4 Ncxe4 21. Qd3 Bxf5 22.
Qb3 axb5 23. Rxa8 Rxa8 24. cxb5 Be6 25. Qb2 Bg4 26. Bf4 1-0

[Event "Let's Play Chess!"]
[Site "http://www.queenalice.com/game.php?id=1761221"]
[Date "2021.6.2"]
[Round "-"]
[White "rumplestiltskin"]
[Black "boris555"]
[Result "0-1"]
[WhiteElo "1665"]
[BlackElo "1856"]

1. e4 e6 2. f4 d5 3. e5 c5 4. Nf3 Nc6 5. d4 Bd7 6. Nc3 Nh6 7. Bb5 a6 8. Bxc6
Bxc6 9. O-O Nf5 10. a3 cxd4 11. Nxd4 Nxd4 12. Qxd4 b6 13. Bd2 Bc5 14. Be3 Bxd4
15. Bxd4 b5 16. Bc5 Qc7 17. b4 Rd8 18. Rae1 d4 19. Ne2 d3 20. cxd3 Rxd3 21. Ra1
Rd2 22. Rfe1 Qb7 23. Nd4 Rxg2+ 24. Kf1 Rxh2 25. Kg1 Rh1+ 26. Kf2 Rxe1 27. Kxe1
Bd5 28. Rc1 Bc4 29. Kf2 Qe4 30. Ne2 Qxe2+ 0-1

[Event "Let's Play Chess!"]
[Site "http://www.queenalice.com/game.php?id=1763108"]
[Date "2021.6.27"]
[Round "-"]
[White "boris555"]
[Black "george941"]
[Result "0-1"]
[WhiteElo "1864"]
[BlackElo "1794"]

1. Nf3 d6 2. g3 e6 3. Bg2 Ne7 4. O-O Nd7 5. d3 Ng6 6. e4 Nb6 7. Nc3 Be7 8. Re1
O-O 9. e5 dxe5 10. Nxe5 Nxe5 11. Rxe5 Bd6 12. Re1 Bd7 13. Bxb7 Rb8 14. Bg2 Re8
15. Ne4 Nd5 16. Nxd6 cxd6 17. Bxd5 exd5 18. b3 Qf6 19. Rxe8+ Rxe8 20. Rb1 g6 21.
Bb2 Qf5 22. c4 dxc4 23. dxc4 Re6 24. Rc1 Bc6 25. Qd4 f6 26. Qxa7 Qf3 0-1

[Event "Let's Play Chess!"]
[Site "http://www.queenalice.com/game.php?id=1766057"]
[Date "2021.8.5"]
[Round "-"]
[White "Olavio"]
[Black "boris555"]
[Result "1-0"]
[WhiteElo "1924"]
[BlackElo "1841"]

1. e4 e6 2. d4 d5 3. e5 c5 4. Nf3 Nc6 5. Be3 b6 6. Bb5 Bd7 7. O-O a6 8. Bxc6
Bxc6 9. Nbd2 Qc7 10. Qe2 Bb5 11. c4 dxc4 12. Nxc4 Bxc4 13. Qxc4 b5 14. Qc2 c4
15. b3 c3 16. Rfd1 b4 17. Rd3 Ne7 18. a3 Nd5 19. a4 a5 20. Bg5 Be7 21. Bxe7 Qxe7
22. Re1 O-O 23. h3 Rac8 24. Re4 h6 25. Rg4 Kh8 26. Nh2 g6 27. Qc1 1-0

[Event "Let's Play Chess!"]
[Site "http://www.queenalice.com/game.php?id=1766431"]
[Date "2021.8.9"]
[Round "-"]
[White "ulisses34"]
[Black "boris555"]
[Result "1/2-1/2"]
[WhiteElo "1742"]
[BlackElo "1845"]

1. e4 e6 2. d4 d5 3. e5 c5 4. b3 Nc6 5. c3 cxd4 6. cxd4 Bd7 7. Nf3 h6 8. Bd2
Nge7 9. Na3 Nf5 10. Nc2 Qb6 11. Bc3 Nb4 12. Qd2 Nxc2+ 13. Qxc2 Rc8 14. Qd2 a6
15. Bd3 Ne7 16. O-O Bb5 17. Ba5 Qa7 18. Rfc1 Bxd3 19. Rxc8+ Nxc8 20. Qxd3 Be7
21. Rc1 O-O 22. Ne1 Bg5 23. Rc7 Bd8 24. Rxc8 Bxa5 25. Rxf8+ Kxf8 1/2-1/2